Statistiques concernant Pays avec un métro

Cliquez ici pour prendre le quiz!

Statistiques générales

  • Ce quiz a été pris 380 fois
    (225 depuis la dernière actualisation)
  • Le résultat moyen est 49 sur 64

Statistiques - réponses

Pays% Correct
France
98%
Brésil
97%
États-Unis
96%
Italie
96%
Japon
96%
Russie
96%
Argentine
95%
Espagne
95%
Allemagne
94%
Chine
94%
Mexique
94%
Australie
93%
Canada
93%
Royaume-Uni
93%
Finlande
91%
Norvége
91%
Suéde
91%
Inde
90%
Portugal
90%
Pologne
89%
Colombie
88%
Suisse
87%
Turquie
87%
Algerie
86%
Belgique
86%
Perou
86%
Chili
85%
Corée du sud
85%
Hongrie
83%
Indonesie
83%
Ukraine
83%
Arabie saoudite
82%
Autriche
82%
Danemark
82%
Egypte
82%
Pays-bas
82%
Roumanie
82%
Gréce
80%
Émirats arabes unis
75%
Thailande
75%
Iran
74%
Republiqué Tchèque
74%
Venezuela
74%
Bulgarie
73%
Corée du nord
73%
Viêt Nam
71%
Biélorussie
70%
Pakistan
70%
Qatar
70%
Malaisie
64%
Singapour
59%
Taïwan
59%
Kazakhstan
57%
Equateur
56%
Philippines
56%
Armenie
54%
Nigeria
53%
Georgie
51%
Bangladesh
50%
Azerbaïdjan
49%
Panama
41%
Ouzbékistan
37%
Côte d'Ivoire
17%
Republique Dominicaine
16%

Distribution des résultats

Percentile par nombre de réponses

% des personnes avec chaque résultat

Votre développement - résultats

Vous n’avez pas pris ce quiz depuis la dernière actualisation